| 000 | 00699cam a2200229 a 4500 | ||
|---|---|---|---|
| 001 | 15076379 | ||
| 005 | 20180202045205.0 | ||
| 008 | 071108s2008 maua 000 0 eng | ||
| 010 | _a 2007088423 | ||
| 020 | _a9780073384115 (pbk. : acidfree paper : student ed.) | ||
| 020 | _a0073384119 (pbk. : acidfree paper : student ed.) | ||
| 040 |
_aDLC _cDLC _dDLC |
||
| 041 | _aeng | ||
| 080 | _a808.0427 LAN | ||
| 082 | 0 | 0 |
_a808.0427 LAN _222 |
| 100 | 1 | _a47 | |
| 101 | _aEDU | ||
| 245 | 1 | 0 |
_aEnglish skills with readings / _cJohn Langan. |
| 906 |
_a7 _bcbc _corigcop _d3 _encip _f20 _gy-gencatlg |
||
| 942 |
_2ddc _cBK |
||
| 999 |
_c41618 _d41618 |
||